000 00918nam0a22002771 4500
001 rc\90405
005 20260406075300.0
010 _a5-7424-0659-2
_95000
035 _a(NLR Aleph) 005356891
090 _a6856569
_c6856569
100 _a20021216d1995 |||y0rusy50 ca
101 0 _arus
_a9tf
102 _aRU
105 _ay |||||||||
200 1 _aТофаларско-русский словарь, русско-тофаларский
210 _aИркутск
_cВост.-Сиб. кн. изд-во
_d1995
215 _a282 с.
_d20
300 _aНа пер. авт. не указан
700 1 _7ca
_89tf
_aРассадин
_bВ. И.
_cд-р филол. наук
_f1939-2017
_gВалентин Иванович
_9164575
_3RU\NLR\AUTH\770164619
801 0 _aRU
_bNLR
_gpsbo
801 1 _aRU
_bELAR
_2rusmarc
852 _aNLR
_bОНЛ
852 _aNLR
_jОНЛ
942 _cBOOK
980 _aNB